01100nac a22002651u 4500010001600000020002000016020002100036082001500057090001500072100003400087245010700121260004800228300003300276500009000309500002600399504005100425511002500476650003100501650004100532700002200573856008900595942001700684999001500701952011800716 a 97050288 a0415154405 (hb) a0415154413 (pbk)00a307.3bFYF c7578d7578 a20080729 00aImages of the street :bplanning, identity, and control in public space /cedited by Nicholas R. Fyfe. aLondon ;aNew York :bRoutledge,1998c1998. axv, 286 p. :bill. ;c25 cm. aPapers presented at a conference at the University of Strathclyde in Glasgow in 1996. adistributer: Al-Ahram aIncludes bibliographical references and index. acatalogue by: wessam 0aCity planningxCongresses. 0aStreetsxSocial aspectsxCongresses.1 aFyfe, Nicholas R.423Publisher descriptionuhttp://www.loc.gov/catdir/enhancements/fy0649/97050288-d.html cBBk307.3FYF c7578d7578 00102ddc40708AlahramaMAINbMAINc1STd2008-01-29ePurchasel0o307.3 FYFp000008966r2024-06-11 00:00:00yBB